000 00596nam a2200193 a 4500
001 000009480
005 20240412074211.0
008 090930s2005 dr 000 0 spa d
040 _aDO-SdBNP
_bspa
_cBNPHU
082 _aRD861.44
_bA644c
100 1 _aAponte Vicioso, Guillermo A.
_924286
245 1 0 _aCosas del alma /
_cGuillermo A. Aponte Vicioso.
260 _aSanto Domingo :
_bFotomegraf,
_c2005.
300 _a48 p. ;
_c21 cm.
590 _aInventariado, 2018/VM
650 0 _aPoesía dominicana
_966
650 0 _aLiteratura dominicana.
_967
910 _aValidado. Control de calidad BNPHU
999 _c9240
_d9240